000
00215nam a2200097Ia 4500
008
170619s9999 xx 000 0 und d
100
_a
Pratt
245
0
_a
Satellite Communications
260
_b
M G H Wiley
260
_c
2003
546
_a
ENGLISH
999
_c
17452
_d
17452